000 00526cam a22002171 4500
001 sa 67003324
003 DLC
005 20260227112337.0
008 890621s1965 ii c 000 0 urdr
010 _asa 67003324
035 _a(OCoLC)19907786
040 _aDLC
_cWaU
_dDLC
042 _apremarc
050 0 0 _aDS481.K41
_bP5
100 0 _aPiare Lal,
_d1915-
245 1 0 _aK̲h̲ān Bābā.
260 _c[1965]
300 _a62 p.
_bports.
_c18 cm.
500 _aIn Urdu.
600 1 0 _aKhan, Abdul Ghaffar,
_d1890-1988.
999 _c73792
_d73792